| 000 | 00509nam a2200205Ia 4500 | ||
|---|---|---|---|
| 008 | 170918s9999 xx 000 0 und d | ||
| 020 | _a9780439414289 | ||
| 050 | _bK156 2003 | ||
| 100 | _aKamma, Anne | ||
| 245 | _aWere a pioneer on the prairie / | ||
| 245 | _cAnne Kamma ; illustrated by James Watling. | ||
| 260 | _aNew York : | ||
| 260 | _bScholastic, | ||
| 260 | _c2003 | ||
| 300 | _a64 pages : | ||
| 300 | _bcolored illustration ; | ||
| 300 | _c19cm. | ||
| 440 | _aIf you. | ||
| 500 | _a750 | ||
| 999 |
_c341933 _d341933 |
||